Regionálny aspekt vybraných výrobkov na trhu bakalárska práca

Saved in:
Bibliographic Details
Main Author: Búc, Vladimír
Corporate Author: Obchodná fakulta EU. Katedra tovaroznalectva a kvality tovaru
Other Authors: Košútová, Tatiana, 1962-
Format: Book
Language:Slovak
Published: Bratislava 2012
Tags: Add Tag
No Tags, Be the first to tag this record!

MARC

LEADER 00000nbm a2200000 4500
001 0154521
005 20161109111850.3
041 0 |a slo 
044 |a SK 
245 1 0 |a Regionálny aspekt vybraných výrobkov na trhu  |b bakalárska práca  |c Vladimír Búc ; školiteľ: Tatiana Košútová 
264 1 |a Bratislava  |c 2012 
300 |a 46 s. 
100 1 |a Búc, Vladimír 
700 1 |a Košútová, Tatiana, 1962- 
710 2 |a Obchodná fakulta EU. Katedra tovaroznalectva a kvality tovaru